| 000 | 00508nam a2200193Ia 4500 | ||
|---|---|---|---|
| 005 | 20240823031550.0 | ||
| 008 | 240823s9999||||xx |||||||||||||| ||und|| | ||
| 020 | _a81-7758-244-5 | ||
| 041 | _aENGLISH | ||
| 082 | _A658.406 P7 | ||
| 100 | _aAdrian Thornhill et al. | ||
| 245 | 0 | _aManaging Change A Human Resource strategy Approach | |
| 250 | _a1st | ||
| 260 |
_c2007 _bPearson Education Internat |
||
| 500 | _aYES | ||
| 650 |
_aManageing Change _bManagement Studies |
||
| 942 | _cBK | ||
| 999 |
_c191381 _d191381 |
||